The Updated Periodic Table Song - all lyrics - Statistics

General Stats
  • This quiz has been taken 43 times
  • The average score is 127 of 310
Answer Stats
Answer % Correct
a
92%
Hydrogen
88%
Helium
85%
The
85%
the
85%
And
77%
and
77%
be
73%
Beryllium
73%
Carbon
73%
Oxygen
73%
period
73%
Periodic
73%
Table
73%
table
73%
Boron
69%
Lithium
69%
Neon
69%
Nitrogen
69%
so
69%
There's
69%
Fluorine
65%
elements
62%
for
62%
now
62%
of
62%
you
62%
air
58%
all
58%
Argon
58%
Potassium
58%
pretty
58%
Sodium
58%
teeth
58%
Titanium
58%
to
58%
With
58%
your
58%
Calcium
54%
everywhere
54%
light
54%
Magnesium
54%
Phosphorus
54%
Silicon
54%
Sulfur
54%
through
54%
Alkali
50%
Aluminium
50%
Arsenic
50%
breathe
50%
can
50%
presents
50%
This
50%
this
50%
up
50%
AsapSCIENCE
46%
Chlorine
46%
Cobalt
46%
Gold
46%
Iron
46%
is
46%
Nickel
46%
Scandium
46%
then
46%
Then
46%
Vanadium
46%
Copper
42%
Gallium
42%
gas
42%
Germanium
42%
Halogens
42%
Krypton
42%
Manganese
42%
Noble
42%
react
42%
salty
42%
stable
42%
Californium
38%
Chromium
38%
Einsteinium
38%
signs
38%
time
38%
Uranium
38%
Xenon
38%
Yttrium
38%
Zinc
38%
Barium
35%
Iodine
35%
Palladium
35%
strong
35%
times
35%
Zirconium
35%
Bromine
31%
Caesium
31%
Curium
31%
Each
31%
grow
31%
Lead
31%
Mercury
31%
Neptunium
31%
Radon
31%
Rhodium
31%
Rubidium
31%
Selenium
31%
Tungsten
31%
you'll
31%
26th
27%
Actinium
27%
added
27%
aggressively
27%
are
27%
Bohrium
27%
Cadmium
27%
Cerium
27%
coins
27%
electrons
27%
Europium
27%
Francium
27%
get
27%
Molybdenum
27%
new
27%
Niobium
27%
Oganesson
27%
Plutonium
27%
Praseodymium
27%
right
27%
room
27%
Silverware
27%
Strontium
27%
Technetium
27%
where
27%
Where
27%
Ytterbium
27%
Americium
23%
Antimony
23%
Astatine
23%
done
23%
Dysprosium
23%
Erbium
23%
Hafnium
23%
Holmium
23%
Lanthanum
23%
Mendelevium
23%
Moscovium
23%
moving
23%
Nobelium
23%
Osmium
23%
outer
23%
Promethium
23%
Radium
23%
Ruthenium
23%
Samarium
23%
see
23%
shells
23%
splits
23%
Tennessine
23%
Thallium
23%
Thorium
23%
Tin-cans
23%
we're
23%
While
23%
56
19%
begun
19%
Berkelium
19%
Bismuth
19%
Fermium
19%
have
19%
helps
19%
Iridium
19%
just
19%
Lanthanides
19%
Lawrencium
19%
Livermorium
19%
Platinum
19%
Protactinium
19%
Rhenium
19%
Rutherfordium
19%
Seaborgium
19%
tell
19%
Tellurium
19%
Thulium
19%
will
19%
at
15%
Darmstadtium
15%
film
15%
Flerovium
15%
Gadolinium
15%
Hassium
15%
it's
15%
Meitnerium
15%
next
15%
on
15%
Polonium
15%
Tantalum
15%
89
12%
Actinides
12%
cold
12%
Copernicium
12%
Dubnium
12%
Lutetium
12%
make
12%
Neodymium's
12%
Nihonium
12%
not
12%
old
12%
really
12%
rich
12%
Roentgenium
12%
'til
12%
tummy
12%
when
12%
yummy
12%
last
8%
little
8%
would
8%
62's
4%
Iodium
4%
them
0%
Turbium
0%
No matching quizzes found
Score Distribution
Percent of People with Each Score
Percentile by Number Answered
Your Score History
You have not taken this quiz